Catálogo - Centro de Recursos para el Aprendizaje y la Investigación
Volver al Sitio - CRAI Biblioteca| 000 -CABECERA | |
|---|---|
| campo de control de longitud fija | 02095nam a2200253 4500 |
| 001 - NÚMERO DE CONTROL | |
| campo de control | 114289 |
| 003 - IDENTIFICADOR DEL NÚMERO DE CONTROL | |
| campo de control | DR-UNIBE |
| 005 - FECHA Y HORA DE LA ÚLTIMA TRANSACCIÓN | |
| campo de control | 20260109103331.0 |
| 008 - DATOS DE LONGITUD FIJA--INFORMACIÓN GENERAL | |
| campo de control de longitud fija | 260109b2023 mx ||||| |||| 00| 0 spa d |
| 020 ## - NÚMERO INTERNACIONAL ESTÁNDAR DEL LIBRO | |
| Número Internacional Estándar del Libro | 9786075696744 |
| 040 ## - FUENTE DE LA CATALOGACIÓN | |
| Centro catalogador/agencia de origen | BIBLIOTECA UNIBE |
| Centro/agencia transcriptor | BIBLIOTECA UNIBE |
| Normas de descripción | rda |
| 041 ## - CÓDIGO DE LENGUA | |
| Código de lengua del texto/banda sonora o título independiente | spa |
| Código de lengua original | eng |
| 082 ## - NÚMERO DE LA CLASIFICACIÓN DECIMAL DEWEY | |
| Número de clasificación | 658.42 G585c |
| 100 1# - ENTRADA PRINCIPAL--NOMBRE DE PERSONA | |
| Nombre de persona | Godin, Seth, |
| Fechas asociadas al nombre | 1960- |
| Término indicativo de función/relación | autor |
| 9 (RLIN) | 177495 |
| 245 13 - MENCIÓN DE TÍTULO | |
| Título | La canción del líder / |
| Mención de responsabilidad, etc. | Seth Godin |
| 260 ## - PUBLICACIÓN, DISTRIBUCIÓN, ETC. | |
| Lugar de publicación, distribución, etc. | México : |
| Nombre del editor, distribuidor, etc. | Paidós Empresa, |
| Fecha de publicación, distribución, etc. | 2023 |
| 300 ## - DESCRIPCIÓN FÍSICA | |
| Extensión | 147 páginas : |
| Otras características físicas | ilustraciones |
| 505 ## - NOTA DE CONTENIDO CON FORMATO | |
| Nota de contenido con formato | Introducción | <br/>Tres cantos | <br/>Hacia la trascendencia | <br/>¿Qué pasó con la gestión? | <br/>Esta vez, con sentido | <br/>Los compromisos | <br/>Seamos realistas | <br/>Lo que hacemos y cómo hablamos de ello | <br/>Encontrar el camino | <br/>Las reuniones son un síntoma | <br/>Crear una organización relevante | <br/>El palo de escoba | |
| 520 #3 - SUMARIO, ETC. | |
| Sumario, etc. | ¿Qué es el trabajo? ¿Por qué es como es y por qué se ha vuelto tan agobiante trabajar? Más<br/>importante aún: ¿qué papel tienen los jefes en todo esto y qué pueden hacer para cambiarlo?<br/>El legendario Seth Godin, a través de 144 estrofas provocativas, ha escrito una canción para llegar<br/>al fondo de estas preguntas y ayudarnos a enfrentar el estrés, la inestabilidad económica, la fuga de<br/>talento, la desidia y el desánimo, para que cada uno, sin importar si es jefe o si trabaja para alguien<br/>más, logre desarrollarse en un trabajo significativo en el que, como las abejas en una colmena,<br/>forme parte de algo mayor, de algo trascendente.<br/>Nos encontramos en un punto donde solo tenemos dos opciones: o nos dejamos absorber por la<br/>vorágine capitalista que trata a los empleados como objetos desechables o logramos construir<br/>equipos donde las personas se sientan plenas y trabajen mejor. Recuerda que el poder de decidir<br/>está dentro de ti y que, como dice Godin: «Los seres humanos no son un recurso. Ellos son la razón<br/>de todo». |
| 650 #7 - PUNTO DE ACCESO ADICIONAL DE MATERIA--TÉRMINO DE MATERIA | |
| Fuente del encabezamiento o término | lemb |
| Término de materia o nombre geográfico como elemento de entrada | Liderazgo |
| 650 #7 - PUNTO DE ACCESO ADICIONAL DE MATERIA--TÉRMINO DE MATERIA | |
| Fuente del encabezamiento o término | lemb |
| Término de materia o nombre geográfico como elemento de entrada | Comportamiento organizacional |
| 700 1# - PUNTO DE ACCESO ADICIONAL--NOMBRE DE PERSONA | |
| Nombre de persona | Maestro, María |
| Término indicativo de función/relación | traductor |
| 9 (RLIN) | 201594 |
| 942 ## - ELEMENTOS DE PUNTO DE ACCESO ADICIONAL (KOHA) | |
| Fuente del sistema de clasificación o colocación | Sistema de Clasificación Decimal Dewey |
| Tipo de ítem Koha | Libro (general) |
| Estado de retiro | Estado de pérdida | Fuente del sistema de clasificación o colocación | No para préstamo | Código de colección | Localización permanente | Ubicación en estantería | Fecha de adquisición | Total de préstamos | Signatura topográfica completa | Código de barras | Fecha visto por última vez | Número de copia | Precio válido a partir de | Tipo de ítem Koha |
|---|---|---|---|---|---|---|---|---|---|---|---|---|---|---|
| Disponible | Sistema de Clasificación Decimal Dewey | General | Biblioteca Central UNIBE | Área de exhibición | 23/03/2026 | 658.42 G585c | 260006 | 09/01/2026 | Ej. 1 | 09/01/2026 | Libro (general) |